[Event "It (open)"]
[Site "masterchessopen.com Zadar (Croatia)"]
[Round "0"]
[White "Boto Zeljko (CRO)"]
[Black "Cebalo Miso (CRO)"]
[Result "0-1"]
[WhiteElo "2290"]
[BlackElo "2515"]

1.e4 c5 2.Nf3 d6 3.d4 cxd4 4.Nxd4 Nf6 5.Nc3 e6 6.f4 Nc6 7.Be3 Bd7 8.Qf3 a6
9.O-O-O Qc7 10.Rg1 h5 11.h3 h4 12.Bd3 Rc8 13.Kb1 b5 14.Rge1 Be7 15.Qf2 Nxd4
16.Bxd4 b4 17.Ne2 e5 18.Bb6 Qb7 19.fxe5 dxe5 20.Nc1 Be6 21.Nb3 Nd7 22.Be3 O-O
23.g3 a5 {#R} 0-1

[Event "It (open)"]
[Site "masterchessopen.com Andorra"]
[Round "5"]
[White "Delchev Aleksander (BUL)"]
[Black "Orsag Milan (CZE)"]
[Result "1-0"]
[WhiteElo "2510"]
[BlackElo "2430"]

1.e4 c5 2.Nf3 e6 3.d4 cxd4 4.Nxd4 Nf6 5.Nc3 d6 6.f4 a6 7.Qf3 Qb6 8.Nb3 Qc7
9.g4 b5 10.g5 Nfd7 11.Be3 Bb7 12.O-O-O b4 13.Ne2 Nc5 14.Nxc5 dxc5 15.f5 e5
16.f6 g6 17.Bh3 Bc6 18.Rd2 Nd7 19.Rhd1 Nb6 20.b3 h6 21.Qf2 Bb5 22.c4 bxc3
23.Nxc3 hxg5 24.Nxb5 axb5 25.Bf1 Qc6 26.Qg3 {#r} 1-0

[Event "It"]
[Site "masterchessopen.com Bucharest (Romania)"]
[Round "0"]
[White "Todorovic Goran M (SRB)"]
[Black "Suba Mihai (ROM)"]
[Result "1-0"]
[WhiteElo "2480"]
[BlackElo "2520"]

1.e4 c5 2.Nf3 d6 3.d4 Nf6 4.Nc3 cxd4 5.Nxd4 e6 6.f4 a6 7.Bd3 Nbd7 8.a4 b6
9.O-O Bb7 10.Qe1 Be7 11.Kh1 Qc7 12.f5 e5 13.Nf3 O-O 14.g4 Nxg4 15.Rg1 Ngf6
16.Bh6 Ne8 17.Rxg7+ Kh8 18.Qg3 Ndf6 19.Rg1 d5 20.Rxh7+ Kxh7 21.Bxf8 Bxf8
22.Qh4+ {#r} 1-0

[Event "It (open)"]
[Site "masterchessopen.com Ubeda (Spain)"]
[Round "7"]
[White "Sulypa Alexandre (UKR)"]
[Black "Suba Mihai (ROM)"]
[Result "1-0"]
[WhiteElo "2400"]
[BlackElo "2520"]

1.e4 c5 2.Nf3 d6 3.d4 Nf6 4.Nc3 cxd4 5.Nxd4 e6 6.f4 a6 7.Qf3 Qb6 8.a3 g6 9.Nb3
Bg7 10.Bd2 O-O 11.g4 Nc6 12.h4 Bd7 13.h5 Rfc8 14.Bd3 Ne7 15.Be3 Qc7 16.O-O-O
Bc6 17.Qh3 b5 18.hxg6 hxg6 19.f5 exf5 20.gxf5 Nh5 21.fxg6 fxg6 22.Qe6+ Kf8
23.Bd4 Bxd4 24.Nxd4 Kg7 25.Rxh5 {#r} 1-0

[Event "It (open)"]
[Site "masterchessopen.com Villa Ballester (Argentina)"]
[Round "5"]
[White "Fiorito Fabian (ARG)"]
[Black "Giardelli Sergio C (ARG)"]
[Result "1-0"]
[WhiteElo "2470"]
[BlackElo "2460"]

1.e4 c5 2.Nf3 e6 3.d4 cxd4 4.Nxd4 Nf6 5.Nc3 d6 6.f4 a6 7.Qf3 Qc7 8.Be3 Nc6
9.O-O-O Be7 10.Rg1 Nxd4 11.Bxd4 b5 12.e5 Bb7 13.Qg3 dxe5 14.Bxe5 Qc6 15.Qxg7
Rg8 16.Qh6 b4 17.Bd3 bxc3 18.Bxf6 Bxf6 19.Qxf6 cxb2+ 20.Kb1 Rxg2 21.f5 Rxg1
22.Rxg1 exf5 23.Re1+ {#r} 1-0

[Event "Bayern Oberliga"]
[Site "masterchessopen.com Germany"]
[Round "4"]
[White "Klundt Klaus (GER)"]
[Black "Reisch Stefan (GER)"]
[Result "1-0"]
[WhiteElo "2360"]
[BlackElo "2187"]

1.e4 c5 2.Nf3 d6 3.d4 cxd4 4.Nxd4 Nf6 5.Nc3 e6 6.f4 Be7 7.Be3 a6 8.Qf3 Qc7
9.g4 O-O 10.Bd3 Nc6 11.g5 Nd7 12.O-O-O b5 13.Rhg1 Nxd4 14.Bxd4 b4 15.Ne2 e5
16.Be3 exf4 17.Nxf4 Ne5 18.Qh5 Be6 19.Bd4 Bxa2 20.Rg3 Rfc8 21.Bxe5 g6 22.Qxh7+
{#r} 1-0

[Event "It (open) (juniors) (under 14)"]
[Site "masterchessopen.com Hengelo (Netherlands)"]
[Round "9"]
[White "Beekhuis Maarten (NED)"]
[Black "Vinck Martin (NED)"]
[Result "1-0"]
[WhiteElo "2105"]
[BlackElo "2275"]

1.e4 c5 2.Nf3 e6 3.d4 cxd4 4.Nxd4 Nf6 5.Nc3 d6 6.f4 a6 7.a4 Qc7 8.Be3 Nbd7
9.Bd3 Be7 10.O-O O-O 11.Kh1 b6 12.Qe1 Kh8 13.Nf3 Bb7 14.Qh4 Nc5 15.Bxc5 bxc5
16.e5 Ne4 17.Ng5 Nxg5 18.fxg5 g6 19.Qh6 d5 20.Rae1 Qd8 21.Rf6 Bxf6 22.exf6 Rg8
23.Re3 Qf8 24.Qxh7+ Kxh7 {#r} 1-0

[Event "Ch Yugoslavia (open)"]
[Site "masterchessopen.com Nis (Yugoslavia)"]
[Round "1"]
[White "Delchev Aleksander (BUL)"]
[Black "Ilic Slobodan (SRB)"]
[Result "1-0"]
[WhiteElo "2525"]
[BlackElo "2160"]

1.e4 c5 2.Nf3 e6 3.d4 cxd4 4.Nxd4 Nf6 5.Nc3 d6 6.f4 Nc6 7.Be3 Be7 8.Qd2 a6
9.O-O-O Qc7 10.Bd3 b5 11.Nxc6 Qxc6 12.e5 b4 13.Ne2 dxe5 14.fxe5 Nd7 15.Bg5 f6
16.exf6 Nxf6 17.Nf4 O-O 18.Rhe1 Rb8 19.Kb1 a5 20.Qe2 b3 21.axb3 Bb4 22.Nh5 Qc5
23.Bxf6 gxf6 24.Qg4+ Kf7 25.Qg7+ Ke8 26.Bxh7 {#r} 1-0

[Event "It (open)"]
[Site "masterchessopen.com Nova Gorica (Slovenia)"]
[Round "6"]
[White "Kolar Srecko (SLO)"]
[Black "Sulava Nenad (CRO)"]
[Result "0-1"]
[WhiteElo "2155"]
[BlackElo "2375"]

1.e4 c5 2.Nf3 e6 3.d4 cxd4 4.Nxd4 Nf6 5.Nc3 d6 6.f4 a6 7.Bd3 b5 8.O-O Bb7 9.a3
g6 10.Kh1 Bg7 11.f5 gxf5 12.Bg5 O-O 13.exf5 e5 14.Nf3 Nc6 15.Be4 Qe7 16.Bxf6
Bxf6 17.Nd5 Qd8 18.g4 Kh8 19.Qd2 Rg8 20.Nxf6 Qxf6 21.g5 Qe7 22.f6 Qc7 23.Qg2
Nd4 24.g6 Rxg6 25.Bxg6 Rg8 26.Qh3 Rxg6 {#R} 0-1

[Event "Ch Czech Republic (juniors)"]
[Site "masterchessopen.com Prague (Czech Republic)"]
[Round "8"]
[White "Pachmann Ales (CZE)"]
[Black "Stocek Jiri (CZE)"]
[Result "1-0"]
[WhiteElo "2260"]
[BlackElo "2470"]

1.e4 c5 2.Nf3 d6 3.d4 cxd4 4.Nxd4 Nf6 5.Nc3 e6 6.f4 Be7 7.Bb5+ Bd7 ( 7...Nfd7
8.f5 O-O 9.fxe6 Ne5 ) 8.e5 dxe5 9.fxe5 Nd5 10.Nxd5 exd5 11.Bxd7+ ( 11.e6 Bxb5
12.exf7+ Kxf7 13.Nxb5 Bh4+ 14.g3 Re8+ ) 11...Qxd7 12.O-O { } Nc6 { ?! } (
12...Bc5 13.Be3 Nc6 ) 13.Nf5 Bc5+ ( 13...Bf8 ) ( 13...O-O-O 14.Nxe7+ Qxe7
15.Qg4+ Qe6 16.Qxg7 Nxe5 ) 14.Kh1 O-O-O 15.Nxg7 Nxe5 ( 15...Rhg8 16.Nh5 )
16.Bg5 Rdg8 17.Rf5 { ! } 17...Ng4 ( 17...Rxg7 18.Rxe5 Re8 19.Rxe8+ Qxe8
20.Qxd5 ) 18.Qxg4 Rxg7 19.Qf3 Bd4 ( 19...Rhg8 20.Rxd5 Qc6 21.Qf5+ { +?? } )
20.Rxd5 Qe6 21.Bf4 ( 21.Bf4 Rd8 22.Rxd8+ Kxd8 23.Qxb7 { ! } ) {#r} 1-0

[Event "Ch Russia (juniors) (under 10) (g)"]
[Site "masterchessopen.com Rybinsk (Russia)"]
[Round "7"]
[White "Garaeva Gulnara (RUS)"]
[Black "Lupik Marina (RUS)"]
[Result "1-0"]
[WhiteElo "2061"]
[BlackElo "2197"]

1.e4 c5 2.Nf3 e6 3.d4 cxd4 4.Nxd4 Nf6 5.Nc3 d6 6.f4 Be7 7.Bb5+ Bd7 8.e5 dxe5
9.fxe5 Nd5 10.Nxd5 exd5 11.Bxd7+ Qxd7 12.O-O O-O 13.Kh1 Nc6 14.Nf5 Bc5 15.Qg4
g6 16.Nh6+ Kh8 17.Qxd7 {#r} 1-0

[Event "Memorial J.M.Soto"]
[Site "masterchessopen.com San Jose (Costa Rica)"]
[Round "11"]
[White "Juarez Flores Jorge G (GUA)"]
[Black "Rodriguez Adrian (CRC)"]
[Result "1-0"]
[WhiteElo "2235"]
[BlackElo "2151"]

1.e4 c5 2.Nf3 e6 3.d4 cxd4 4.Nxd4 Nf6 5.Nc3 d6 6.f4 Nc6 7.Be3 Be7 8.Qf3 e5
9.Nxc6 bxc6 10.fxe5 dxe5 11.Bc4 O-O 12.h3 a5 13.O-O Ba6 14.Bxa6 Rxa6 15.Ne2
Nd7 16.Rad1 Qc8 17.Ng3 Bc5 18.Nf5 Bxe3+ 19.Qxe3 Qc7 20.Qe2 Nc5 21.Qc4 Qa7
22.Kh1 Ne6 23.Nd6 c5 24.Qd5 {#r} 1-0

[Event "It (open) \"]
[Site "masterchessopen.com Spain"]
[Round "0"]
[White "Cantin Zaborras Valentin (ESP)"]
[Black "Gil Capape Javier (AUS)"]
[Result "0-1"]
[WhiteElo "2082"]
[BlackElo "2440"]

1.e4 c5 2.Nf3 d6 3.d4 cxd4 4.Nxd4 Nf6 5.Nc3 e6 6.f4 Be7 7.Bb5+ Nfd7 8.f5 O-O
9.fxe6 Ne5 10.exf7+ Rxf7 11.Be3 Nbc6 12.Qd2 Bh4+ 13.Kd1 Bg4+ 14.Kc1 a6 15.Be2
Rc8 16.Nd5 Nxd4 17.Bxd4 Bg5 18.Be3 Bxe3 19.Nxe3 Bxe2 20.Qxe2 Rf2 21.Qh5 Qb6
{#R} 0-1

[Event "Ch Europe (juniors) (under 14)"]
[Site "masterchessopen.com Tallinn (Estonia)"]
[Round "4"]
[White "Grigoriants Sergey (RUS)"]
[Black "Pinter Gabor (HUN)"]
[Result "0-1"]
[WhiteElo "2290"]
[BlackElo "2155"]

1.e4 c5 2.Nf3 d6 3.Nc3 e6 4.d4 cxd4 5.Nxd4 Nf6 6.f4 a6 7.Qf3 Qb6 8.a3 Nc6
9.Nb3 g6 10.Bd3 Bg7 11.Be3 Qc7 12.O-O O-O 13.Qg3 b5 14.Qh4 Bb7 15.g4 Rfe8
16.Rf3 Nd7 17.Rh3 h6 {#R} 0-1

[Event "It (open)"]
[Site "masterchessopen.com Villa Ballester (Argentina)"]
[Round "9"]
[White "Giaccio Alfredo (ARG)"]
[Black "De Dovitiis Alejo (ARG)"]
[Result "0-1"]
[WhiteElo "2450"]
[BlackElo "2340"]

1.e4 c5 2.Nf3 e6 3.d4 cxd4 4.Nxd4 Nf6 5.Nc3 d6 6.f4 Be7 7.Qf3 O-O 8.Be3 e5
9.Nf5 Bxf5 10.exf5 Qa5 11.O-O-O e4 12.Qh3 Rc8 13.g4 d5 14.g5 Rxc3 15.bxc3 Ng4
16.Qxg4 Qxc3 17.Bd4 Ba3+ 18.Kb1 Qb4+ 19.Ka1 Nc6 20.Qg1 Rc8 21.Qe3 Qa5 22.Bc3
Qa4 23.Rxd5 Nb4 24.Bxb4 Bb2+ {#R} 0-1

[Event "Memorial V.Syre (open)"]
[Site "masterchessopen.com Issy Les Moulineaux (France)"]
[Round "0"]
[White "Herrera Irisberto (ESP)"]
[Black "Vaquier Albert (FRA)"]
[Result "1-0"]
[WhiteElo "2430"]
[BlackElo "1468"]

1.e4 c5 2.Nf3 e6 3.d4 cxd4 4.Nxd4 Nf6 5.Nc3 d6 6.f4 g6 7.Be2 Bg7 8.Ndb5 Ke7
9.Be3 a6 10.Nd4 Re8 11.e5 dxe5 12.Nc6+ Nxc6 13.Bc5+ {#r} 1-0

[Event "Olympiad"]
[Site "masterchessopen.com Elista (Russia)"]
[Round "13"]
[White "Rubery Mark (RSA)"]
[Black "Kulashko Aleksei (NZL)"]
[Result "0-1"]
[WhiteElo "2290"]
[BlackElo "2390"]

1.e4 c5 2.Nf3 e6 3.d4 cxd4 4.Nxd4 Nf6 5.Nc3 d6 6.f4 Be7 7.Be3 O-O 8.Qf3 e5
9.Nf5 Bxf5 10.exf5 Nbd7 11.O-O-O Qa5 12.g4 Rac8 13.g5 Rxc3 14.gxf6 Nxf6
15.bxc3 d5 16.Kd2 d4 17.Bxd4 exd4 18.Ke1 Nd5 19.h4 Nxc3 20.Rd3 Qxa2 21.Rh2
Qb1+ 22.Kf2 Bf6 23.Kg1 a5 24.h5 h6 25.Rh1 a4 26.Kh2 a3 {#R} 0-1

[Event "It (open)"]
[Site "masterchessopen.com Fuerth (Germany)"]
[Round "2"]
[White "David Alberto (LUX)"]
[Black "Corssen Stefan Dr (GER)"]
[Result "1-0"]
[WhiteElo "2520"]
[BlackElo "2040"]

1.e4 c5 2.Nf3 d6 3.d4 cxd4 4.Nxd4 Nf6 5.Nc3 e6 6.f4 Be7 7.Bb5+ Bd7 8.e5 dxe5
9.fxe5 Nd5 10.Nxd5 exd5 11.Bxd7+ Qxd7 12.Qf3 Nc6 13.Nf5 O-O-O 14.O-O Bc5+
15.Kh1 Nd4 16.Nxd4 Bxd4 17.Bg5 Rde8 18.Rad1 Bxe5 19.Rxd5 Qe6 20.Rc5+ Kb8
21.Rxe5 {#r} 1-0

[Event "VL1 Ruhrgebiet 1998/99"]
[Site "masterchessopen.com Germany"]
[Round "0"]
[White "Torres Kuckel Rafael (GER)"]
[Black "Bolwerk Peter (NED)"]
[Result "1-0"]
[WhiteElo "2243"]
[BlackElo "2241"]

1.e4 c5 2.Nf3 e6 3.d4 cxd4 4.Nxd4 Nf6 5.Nc3 d6 6.f4 Nc6 7.Be3 Be7 8.Qf3 O-O
9.g4 Qc7 10.g5 Nd7 11.O-O-O a6 12.Rg1 Nxd4 13.Bxd4 b5 14.Qh5 Rd8 15.Rg3 Bb7
16.Rh3 Nf8 17.Bd3 e5 18.Be3 exf4 19.Bxf4 Re8 20.Rg1 Bd8 21.Bd2 Re5 22.Nd5 Qc5
23.Rg2 Bxd5 24.exd5 g6 25.Qe2 {#r} 1-0

[Event "It (open)"]
[Site "masterchessopen.com Groningen (Netherlands)"]
[Round "1"]
[White "Wong Zi Jing (MAS)"]
[Black "Schiffer Kai-Uwe (GER)"]
[Result "1-0"]
[WhiteElo "2120"]
[BlackElo "2325"]

1.e4 c5 2.Nf3 e6 3.d4 cxd4 4.Nxd4 Nf6 5.Nc3 d6 6.f4 Be7 7.Bd3 O-O 8.Qf3 Nc6
9.Nxc6 bxc6 10.e5 dxe5 11.fxe5 Nd5 12.O-O Nxc3 13.bxc3 Ba6 14.Kh1 Qa5 15.c4
Qxe5 16.Bf4 Qc5 17.Be3 Qa3 18.Qe4 g6 19.Bh6 Rfe8 20.Rxf7 Kxf7 21.Rf1+ Bf6
22.Rxf6+ Ke7 23.Bg5 {#r} 1-0

[Event "It (open) \"]
[Site "masterchessopen.com Hungary"]
[Round "2"]
[White "Sziraki Tamas (HUN)"]
[Black "Csomor Bea (HUN)"]
[Result "0-1"]
[WhiteElo "2330"]
[BlackElo "2132"]

1.e4 c5 2.Nf3 e6 3.d4 cxd4 4.Nxd4 Nf6 5.Nc3 d6 6.f4 a6 7.Qf3 Nbd7 8.Nb3 h5
9.Bd2 Qc7 10.O-O-O b5 11.Bd3 Bb7 12.Rhe1 Rc8 13.Kb1 Nc5 14.Qg3 b4 15.Nd5 exd5
16.exd5+ Kd8 17.Bxb4 Nxb3 18.cxb3 Qb6 19.Bc3 h4 20.Qg5 Rxc3 {#R} 0-1

[Event "It \"]
[Site "masterchessopen.com Jyvaskyla (Finland)"]
[Round "0"]
[White "Raaste Eero J (FIN)"]
[Black "Kastinen Riku (FIN)"]
[Result "1-0"]
[WhiteElo "2335"]
[BlackElo "2028"]

1.e4 c5 2.Nf3 e6 3.d4 cxd4 4.Nxd4 Nf6 5.Nc3 d6 6.f4 a6 7.Bd3 Nbd7 8.O-O Be7
9.Be3 Nc5 10.a4 Nxd3 11.cxd3 e5 12.Nf5 Bxf5 13.exf5 Rc8 14.a5 O-O 15.g4 Rxc3
16.bxc3 exf4 17.Bxf4 Nd5 18.Bd2 Bg5 19.c4 Ne3 20.Qc1 Nxf1 21.Bxg5 f6 22.Bf4
{#r} 1-0

[Event "It (open)"]
[Site "masterchessopen.com Metz (France)"]
[Round "7"]
[White "Hamdouchi Hichem (FRA)"]
[Black "Dumitrescu Dragos-Nicolae (ROM)"]
[Result "1-0"]
[WhiteElo "2555"]
[BlackElo "2405"]

1.e4 c5 2.Nf3 d6 3.d4 cxd4 4.Nxd4 Nf6 5.Nc3 e6 6.f4 Nc6 7.Be3 Be7 8.Qf3 Bd7
9.O-O-O Qc7 10.g4 Nxd4 11.Bxd4 e5 12.fxe5 dxe5 13.Qg3 Bd6 14.Bf2 Rc8 15.Qd3
Nxg4 16.Bxa7 Be7 17.Nd5 Qd6 18.h3 Qh6+ 19.Kb1 Bc6 20.Nxe7 Kxe7 21.Bc5+ Ke8
22.hxg4 {#r} 1-0

[Event "It (open)"]
[Site "masterchessopen.com Montpellier (France)"]
[Round "1"]
[White "Hamdouchi Hichem (FRA)"]
[Black "Kerbrat Julien (FRA)"]
[Result "1-0"]
[WhiteElo "2555"]
[BlackElo "2183"]

1.e4 c5 2.Nf3 e6 3.d4 cxd4 4.Nxd4 Nf6 5.Nc3 d6 6.f4 a6 7.Qf3 Qc7 8.Bd3 Be7
9.Be3 Nbd7 10.O-O O-O 11.g4 b5 12.g5 Ne8 13.Qh5 Nc5 14.Rf3 g6 15.Qh6 f5
16.exf5 gxf5 17.Rg3 Rf7 18.g6 hxg6 19.Qxg6+ Ng7 20.Rh3 Bf6 21.Nxf5 {#r} 1-0

[Event "It (open)"]
[Site "masterchessopen.com Paris (France)"]
[Round "5"]
[White "Daillet Emmanuel (FRA)"]
[Black "Stevic Hrvoje (CRO)"]
[Result "0-1"]
[WhiteElo "2285"]
[BlackElo "2465"]

1.e4 c5 2.Nf3 e6 3.d4 cxd4 4.Nxd4 Nf6 5.Nc3 d6 6.f4 Nc6 7.Be3 e5 8.Nf3 Ng4
9.Bg1 exf4 10.Nd5 Nf6 11.Qe2 Qa5+ 12.b4 Qa3 13.c3 Nxd5 14.exd5+ Be7 15.Qd2 Bf6
16.Rc1 Ne5 17.Nd4 a6 18.Rb1 O-O 19.Be2 Re8 20.Rb3 Qa4 {#R} 0-1

[Event "Ch Spain (team)"]
[Site "masterchessopen.com Salamanca (Spain)"]
[Round "2"]
[White "Rogers Ian (AUS)"]
[Black "Arencibia Walter (CUB)"]
[Result "1-0"]
[WhiteElo "2605"]
[BlackElo "2550"]

1.e4 c5 2.Nf3 d6 3.d4 cxd4 4.Nxd4 Nf6 5.Nc3 e6 6.f4 a6 7.Qf3 Qb6 8.Nb3 Nc6
9.Be3 Qc7 10.g4 b5 11.g5 Nd7 12.O-O-O Bb7 13.Kb1 Rc8 14.Bd3 Nc5 15.Qh3 b4
16.Ne2 Na5 17.Bxc5 Nxb3 18.Bxb4 Nc5 19.Bxc5 Qxc5 20.g6 Be7 21.Nd4 Bf6 22.gxf7+
Kxf7 23.Qxe6+ Kf8 24.Qxf6+ {#r} 1-0

[Event "Memorial Balazs (open)"]
[Site "masterchessopen.com Salgotarjan (Hungary)"]
[Round "5"]
[White "Forgo Eva (HUN)"]
[Black "Vereb Andras (HUN)"]
[Result "1-0"]
[WhiteElo "2245"]
[BlackElo "1925"]

1.e4 c5 2.Nf3 e6 3.d4 cxd4 4.Nxd4 Nf6 5.Nc3 d6 6.f4 Qb6 7.Bd3 Nc6 8.Nb3 a6
9.Qf3 Be7 10.Be3 Qc7 11.g4 b5 12.g5 Nd7 13.O-O-O Bb7 14.Qh3 b4 15.Ne2 O-O-O
16.Kb1 Kb8 17.Ned4 g6 18.Rhf1 Nc5 19.Nxc6+ Bxc6 20.Bd4 e5 21.Nxc5 {#r} 1-0

[Event "It (open)"]
[Site "masterchessopen.com Espoo (Finland)"]
[Round "5"]
[White "Lahtinen Markku (FIN)"]
[Black "Tuovinen Jukka (FIN)"]
[Result "1-0"]
[WhiteElo "2227"]
[BlackElo "2076"]

1.e4 c5 2.Nf3 d6 3.d4 cxd4 4.Nxd4 Nf6 5.Nc3 e6 6.f4 Nc6 7.Be3 Be7 8.Qf3 Qc7
9.Bd3 O-O 10.O-O Nxd4 11.Bxd4 e5 12.Be3 exf4 13.Qxf4 a6 14.Nd5 Nxd5 15.exd5
Bf6 16.Qe4 Rd8 17.Qxh7+ Kf8 18.Rxf6 gxf6 19.Bh6+ {#r} 1-0

[Event "Ch Peru (regional)"]
[Site "masterchessopen.com Lima (Peru)"]
[Round "6"]
[White "Torres Jean Pierre (PER)"]
[Black "Mansilla Juan (PER)"]
[Result "1-0"]
[WhiteElo "2178"]
[BlackElo "2277"]

1.e4 c5 2.Nf3 d6 3.d4 cxd4 4.Nxd4 Nf6 5.Nc3 e6 6.f4 a6 7.a4 b6 8.Bd3 Bb7 9.g4
Nc6 10.Nxc6 Bxc6 11.g5 Nd7 12.Qe2 Nc5 13.Rg1 Bb7 14.Be3 Nxd3+ 15.Qxd3 Qc7
16.Rg3 O-O-O 17.a5 bxa5 18.Na4 Qc6 19.Bb6 Re8 20.Re3 d5 21.Bxa5 Kb8 22.Qd4 e5
23.fxe5 f6 24.Rc3 fxe5 25.Qg1 {#r} 1-0

[Event "It (open)"]
[Site "masterchessopen.com Wuerttemberg (Germany)"]
[Round "3"]
[White "Beyer Christian (GER)"]
[Black "Keilhack Harald (GER)"]
[Result "0-1"]
[WhiteElo "2327"]
[BlackElo "2325"]

1.e4 c5 2.Nf3 e6 3.d4 cxd4 4.Nxd4 Nf6 5.Nc3 d6 6.f4 Nc6 7.Bc4 d5 8.Bb5 Bd7
9.Bxc6 Bxc6 10.e5 Nd7 11.f5 Nxe5 12.fxe6 Qh4+ 13.Kf1 Bc5 14.Be3 fxe6 15.Nf3
Qc4+ 16.Ke1 Nxf3+ 17.Qxf3 Bxe3 18.Qxe3 d4 19.Qe2 Qxe2+ 20.Nxe2 e5 21.c3 d3
22.Ng3 O-O 23.Rd1 Rad8 24.Rd2 e4 25.Nf1 Rxf1+ {#R} 0-1

[Event "It (open)"]
[Site "masterchessopen.com Wuerttemberg (Germany)"]
[Round "7"]
[White "Kottke Markus (GER)"]
[Black "Beyer Christian (GER)"]
[Result "1-0"]
[WhiteElo "2220"]
[BlackElo "2327"]

1.e4 c5 2.Nf3 e6 3.d4 cxd4 4.Nxd4 Nf6 5.Nc3 d6 6.f4 Nc6 7.Be3 Be7 8.Qf3 e5
9.Nxc6 bxc6 10.f5 Qa5 11.O-O-O Rb8 12.Bc4 h5 13.h3 h4 14.g4 hxg3 15.Qxg3 Kf8
16.Bg5 Rb4 17.Bb3 Qc7 18.Rhg1 Nh5 19.Qh4 Rh6 20.Rdf1 Bxg5+ 21.Rxg5 Qe7 22.Qg4
Qf6 23.Rxh5 {#r} 1-0

[Event "Ch World (universities)"]
[Site "masterchessopen.com Golden Sands (Bulgaria)"]
[Round "5"]
[White "Masserey Yvan (SUI)"]
[Black "Iljushin Alexei (RUS)"]
[Result "0-1"]
[WhiteElo "2370"]
[BlackElo "2509"]

1.e4 c5 2.Nf3 e6 3.d4 cxd4 4.Nxd4 Nf6 5.Nc3 d6 6.f4 a6 7.a4 Qc7 8.Be2 Be7
9.O-O Nc6 10.Kh1 Bd7 11.Nb3 O-O 12.Bf3 Rfd8 13.g4 Be8 14.Qe2 d5 15.e5 Nd7
16.Be3 Ndxe5 17.fxe5 d4 18.Bd2 dxc3 19.Bxc3 Bb4 20.Bxb4 Nxb4 21.c3 Nd3 {#R}
0-1

[Event "Olympiad"]
[Site "masterchessopen.com Istanbul (Turkey)"]
[Round "13"]
[White "Al Sayed Mohamad N (QAT)"]
[Black "Campos Eugenio (ANG)"]
[Result "0-1"]
[WhiteElo "2370"]
[BlackElo "2238"]

1.e4 e6 2.d4 c5 3.Nf3 cxd4 4.Nxd4 Nf6 5.Nc3 d6 6.f4 a6 7.Qf3 Nc6 8.Be3 Bd7
9.O-O-O Qc7 10.g4 Nxd4 11.Rxd4 e5 12.fxe5 dxe5 13.Rc4 Bxg4 14.Qg3 Qd6 15.Bc5
Qe6 16.Nd5 Nxd5 17.Bxf8 Kxf8 18.exd5 Qxd5 19.Qxg4 Qxh1 20.Qf5 Rd8 21.Rc7 Qd5
22.b3 f6 23.Bc4 Qd6 24.Rf7+ Ke8 25.Kb1 Rd7 {#R} 0-1

[Event "Ch World (juniors) (under 14)"]
[Site "masterchessopen.com Oropesa (Spain)"]
[Round "8"]
[White "Stellwagen Daniel (NED)"]
[Black "Lopez Del Alamo Antonio (ESP)"]
[Result "1-0"]
[WhiteElo "2285"]
[BlackElo "2231"]

1.e4 c5 2.Nf3 e6 3.d4 cxd4 4.Nxd4 Nf6 5.Nc3 d6 6.f4 Be7 7.Qf3 a6 8.Be3 Qc7
9.g4 b5 10.g5 Nfd7 11.O-O-O Nb6 12.f5 e5 13.Bxb5+ axb5 14.Ndxb5 Qc6 15.Bxb6
Qxb6 16.Nd5 Bxg5+ 17.Kb1 Qa5 18.Nbc7+ Kf8 19.Nxa8 Qxa8 20.f6 Bh6 21.Nb6 Qc6
22.Nxc8 Qxc8 23.Rxd6 {#r} 1-0

[Event "Ch New Zealand"]
[Site "masterchessopen.com Auckland (New Zealand)"]
[Round "5"]
[White "Wheeler Bruce (NZL)"]
[Black "McLaren Leonard (NZL)"]
[Result "0-1"]
[WhiteElo "2130"]
[BlackElo "2277"]

1.e4 c5 2.Nf3 d6 3.d4 cxd4 4.Nxd4 Nf6 5.Nc3 e6 6.f4 Nc6 7.Be3 Be7 8.Qf3 e5
9.Nf5 Bxf5 10.exf5 Nd4 11.Bxd4 exd4 12.Nb5 Qa5+ 13.Kd1 Qb6 14.a4 d5 15.a5 Qc5
16.Ra4 O-O 17.Bd3 Ne4 18.Nxd4 b5 19.axb6 axb6 20.Rxa8 Rxa8 21.Nb3 Qb4 22.Re1
Ra1+ {#R} 0-1

[Event "Ch Hungary (team) 2000/01 (2 liga)"]
[Site "masterchessopen.com Hungary"]
[Round "8"]
[White "Schenkerik Csaba (HUN)"]
[Black "Mieles Palau Eduardo (ECU)"]
[Result "1-0"]
[WhiteElo "2146"]
[BlackElo "2340"]

1.e4 c5 2.Nf3 d6 3.d4 cxd4 4.Nxd4 Nf6 5.Nc3 e6 6.f4 a6 7.Bd3 Qc7 8.O-O Nc6
9.Nf3 b5 10.a3 Be7 11.Kh1 b4 12.axb4 Nxb4 13.Be3 Bb7 14.Qe1 d5 15.exd5 Nxd3
16.cxd3 Nxd5 17.Bd4 O-O 18.Qg3 f6 19.Qg4 Nxf4 20.Ne2 e5 21.Rac1 Qb8 22.Nxf4
exf4 23.Nh4 g5 24.Nf5 Rf7 25.Nxe7+ {#r} 1-0

[Event "Ch Catalunia"]
[Site "masterchessopen.com Barcelona (Spain)"]
[Date "2001.04.11"]
[Round "4"]
[White "Castaner Halster Xavier (ESP)"]
[Black "Lacasa Diaz Jose Antonio (ESP)"]
[Result "0-1"]
[WhiteElo "2206"]
[BlackElo "2321"]

1.e4 c5 2.Nf3 e6 3.d4 cxd4 4.Nxd4 Nf6 5.Nc3 d6 6.f4 a6 7.f5 Nbd7 8.Be3 b5
9.Qd2 Bb7 10.Bd3 b4 11.Nce2 d5 12.exd5 Bxd5 13.Rf1 e5 14.Nf3 e4 15.Bb5 Be6
16.Bxd7+ Qxd7 17.Qxd7+ Nxd7 18.Nfd4 Ne5 19.Nf4 {#R} 0-1

[Event "Ch Germany (seniors) (team)"]
[Site "masterchessopen.com Bad Segeberg (Germany)"]
[Round "4"]
[White "Schramm Bernd (GER)"]
[Black "Hoffmann Hans (GER)"]
[Result "0-1"]
[WhiteElo "2122"]
[BlackElo "2192"]

1.e4 c5 2.Nf3 e6 3.d4 cxd4 4.Nxd4 Nf6 5.Nc3 d6 6.f4 a6 7.Bd3 Nbd7 8.Be3 Be7
9.Qf3 O-O 10.Nb3 Qc7 11.g4 b5 12.g5 Ne8 13.O-O-O b4 14.Ne2 Bb7 15.Rhg1 Nc5
16.f5 exf5 17.Qxf5 g6 18.Qg4 Nxb3+ 19.axb3 a5 20.Bd4 a4 21.bxa4 Rxa4 22.b3 Ra5
23.h4 Ng7 24.Nf4 Qc3 {#R} 0-1

[Event "It (open)"]
[Site "masterchessopen.com Chicago (USA)"]
[Round "4"]
[White "Perelshteyn Eugene (USA)"]
[Black "Eckert Doug D (USA)"]
[Result "1-0"]
[WhiteElo "2442"]
[BlackElo "2273"]

1.e4 c5 2.Nf3 e6 3.d4 cxd4 4.Nxd4 Nf6 5.Nc3 d6 6.f4 a6 7.Qf3 Qc7 8.Be3 b5 9.a3
Nbd7 10.g4 Nb6 11.g5 Nfd7 12.O-O-O Bb7 13.Qh3 g6 14.Nxe6 fxe6 15.Qxe6+ Be7
16.Bxb5 Bc6 17.Bxc6 Qxc6 18.Nd5 Nxd5 19.exd5 Nc5 {#r} 1-0